<?xml version="1.0" encoding="UTF-8"?>
<marc:record xmlns:marc="http://www.loc.gov/MARC21/slim">
   <marc:leader>00000nam a2200000 a 4500</marc:leader>
   <marc:datafield ind1="1" ind2=" " tag="100">
      <marc:subfield code="a">Storks, Bettina</marc:subfield>
      <marc:subfield code="4">aut</marc:subfield>
      <marc:subfield code="e">Verfasser/-in</marc:subfield>
   </marc:datafield>
   <marc:datafield ind1=" " ind2=" " tag="653">
      <marc:subfield code="a">Literaturgeschichte</marc:subfield>
   </marc:datafield>
   <marc:datafield ind1=" " ind2=" " tag="653">
      <marc:subfield code="a">Paare</marc:subfield>
   </marc:datafield>
   <marc:datafield ind1=" " ind2=" " tag="653">
      <marc:subfield code="a">Liebespaare</marc:subfield>
   </marc:datafield>
   <marc:datafield ind1="0" ind2="0" tag="245">
      <marc:subfield code="a">Die Poesie der Liebe - Ingeborg Bachmann &amp; Max Frisch</marc:subfield>
   </marc:datafield>
   <marc:datafield ind1="0" ind2="0" tag="245">
      <marc:subfield code="b">Roman</marc:subfield>
   </marc:datafield>
   <marc:datafield ind1=" " ind2="1" tag="264">
      <marc:subfield code="b">Aufbau Taschenbuch</marc:subfield>
      <marc:subfield code="c">2022</marc:subfield>
   </marc:datafield>
   <marc:datafield ind1="1" ind2=" " tag="520">
      <marc:subfield code="a">Angaben aus der Verlagsmeldung        Ingeborg Bachmann und Max Frisch  Die Poesie der Liebe : Roman / von Bettina Storks         Eine Liebe zwischen Poesie und Wirklichkeit  Ingeborg Bachmann und Max Frisch               Paris, 1958: Als Max Frisch dem glamourösen Literaturstar Ingeborg Bachmann begegnet, ist es für ihn Liebe auf den ersten Blick. Auch Ingeborg verliebt sich, doch anders als Max, der bodenständige Genussmensch, ringt die sensible Ausnahmeautorin im Schreiben  wie im Leben  um jedes Wort, was ihrer Beziehung zwischen München, Rom und der Schweiz zur Bürde wird. Und sie hat die Trennung von Paul Celan noch nicht überwunden, auf den Max rasend eifersüchtig ist. Aber Ingeborg kann nur eine Liebe leben, in der sie ihre Freiheit nicht preisgeben muss                Der Roman über die Liebe zweier Ikonen der Literatur mit Paul Celan, Siegfried Unseld, Marcel Reich-Ranicki u. v. a.</marc:subfield>
   </marc:datafield>
   <marc:datafield ind1=" " ind2=" " tag="020">
      <marc:subfield code="a">9783746637983</marc:subfield>
      <marc:subfield code="9">9783746637983</marc:subfield>
   </marc:datafield>
</marc:record>
